|
|
|
|
| LEADER |
00000nab a2200000 a 4500 |
| 001 |
vtls000366262 |
| 003 |
SK-MaSNL |
| 005 |
20260303171917.0 |
| 008 |
111202c1989 xo 0 slo |
| 015 |
|
|
|a SNBRB19rr/mm-uuuuu
|
| 035 |
|
|
|a CL0366384
|
| 040 |
|
|
|a SNKBUCL
|b slo
|c SNKBUCL
|e AACR2
|
| 041 |
0 |
|
|a slo
|
| 044 |
|
|
|a xo
|c SK
|
| 080 |
|
|
|a 599.735.5
|2 1981
|
| 100 |
1 |
|
|a Pachinger, Karol,
|d 1943-1992
|4 aut
|9 48618
|
| 245 |
1 |
0 |
|a Antilopa pobrežná a antilopa Grayovej
|c Karol Pachinger
|
| 300 |
|
|
|b Obr. 1.
|
| 650 |
0 |
7 |
|a antilopa pobrežná
|2 snkbucl
|9 1196785
|
| 650 |
0 |
7 |
|a Adenota cob
|2 snkbucl
|9 1196786
|
| 650 |
0 |
7 |
|a antilopa Greyovej
|2 snkbucl
|9 1196787
|
| 650 |
0 |
7 |
|a Onototragus megaceros
|2 snkbucl
|9 1196788
|
| 651 |
|
7 |
|a Afrika
|2 snkbucl
|9 17012
|
| 655 |
|
7 |
|a články z novín a časopisov
|2 snkbucl
|9 267496
|
| 773 |
0 |
|
|t Príroda a spoločnosť
|g Roč. 38, č. 18 (1989), s. 40-41
|
| 850 |
|
|
|a Slovenská národná knižnica v Martine
|a MTA001
|
| 852 |
|
|
|a SNK
|b KIS3GCP
|
| 958 |
|
|
|a RK
|
| 992 |
|
|
|a RBX
|
| 999 |
|
|
|c 2084021
|d 2085951
|